2002 MLB Playoff Lineups - Statistics

General Stats
  • This quiz has been taken 29 times
  • The average score is 45 of 105
Answer Stats
Hint Hint Answer % Correct
San Francisco Giants LF Barry Bonds
92%
New York Yankees SS Derek Jeter
92%
New York Yankees 1B Jason Giambi
92%
New York Yankees CF Bernie Williams
85%
New York Yankees C Jorge Posada
85%
Arizona Diamondbacks LF Luis Gonzalez
85%
Arizona Diamondbacks 3B Matt Williams
85%
Anaheim Angels MGR Mike Scioscia
85%
St. Louis Cardinals SP Woody Williams
85%
Atlanta Braves CF Andruw Jones
77%
Anaheim Angels C Bengie Molina
77%
Atlanta Braves LF Chipper Jones
77%
Atlanta Braves SP Greg Maddux
77%
Minnesota Twins LF Jacque Jones
77%
San Francisco Giants 2B Jeff Kent
77%
New York Yankees 2B Alfonso Soriano
69%
Oakland Athletics SP Barry Zito
69%
Minnesota Twins DH David Ortiz
69%
New York Yankees DH Nick Johnson
69%
Anaheim Angels SP Ramon Ortiz
69%
Arizona Diamondbacks SP Randy Johnson
69%
New York Yankees SP Roger Clemens
69%
San Francisco Giants SP Russ Ortiz
69%
Atlanta Braves SP Tom Glavine
69%
St. Louis Cardinals 3B Albert Pujols
62%
Atlanta Braves MGR Bobby Cox
62%
Anaheim Angels LF Garret Anderson
62%
New York Yankees MGR Joe Torre
62%
Anaheim Angels RF Tim Salmon
62%
St. Louis Cardinals 1B Tino Martinez
62%
Arizona Diamondbacks SS Tony Womack
62%
Anaheim Angels 3B Troy Glaus
62%
New York Yankees SP Andy Pettitte
54%
Arizona Diamondbacks SP Curt Schilling
54%
Anaheim Angels SS David Eckstein
54%
Atlanta Braves C Javy Lopez
54%
Oakland Athletics SS Miguel Tejada
54%
Oakland Athletics SP Tim Hudson
54%
St. Louis Cardinals MGR Tony LaRussa
54%
Minnesota Twins CF Torii Hunter
54%
St. Louis Cardinals SP Chuck Finley
46%
Anaheim Angels CF Darin Erstad
46%
Oakland Athletics LF David Justice
46%
San Francisco Giants MGR Dusty Baker
46%
St. Louis Cardinals CF Jim Edmonds
46%
Anaheim Angels SP John Lackey
46%
San Francisco Giants SP Livan Hernandez
46%
Arizona Diamondbacks 1B Mark Grace
46%
Oakland Athletics SP Mark Mulder
46%
New York Yankees SP Mike Mussina
46%
Atlanta Braves SS Rafael Furcal
46%
Oakland Athletics C Ramon Hernandez
46%
San Francisco Giants SS Rich Aurilia
46%
Minnesota Twins MGR Ron Gardenhire
46%
Arizona Diamondbacks CF Steve Finley
46%
Anaheim Angels 2B Adam Kennedy
38%
San Francisco Giants C Benito Santiago
38%
Arizona Diamondbacks MGR Bob Brenly
38%
Oakland Athletics 3B Eric Chavez
38%
Atlanta Braves RF Gary Sheffield
38%
San Francisco Giants CF Kenny Lofton
38%
San Francisco Giants RF Reggie Sanders
38%
Minnesota Twins C A.J. Pierzynski
31%
Minnesota Twins SP Brad Radke
31%
St. Louis Cardinals SS Edgar Renteria
31%
Anaheim Angels SP Jarrod Washburn
31%
San Francisco Giants 1B J.T. Snow
31%
St. Louis Cardinals C Mike Matheny
31%
Oakland Athletics 1B Scott Hatteberg
31%
Oakland Athletics CF Terrence Long
31%
Oakland Athletics MGR Art Howe
23%
San Francisco Giants 3B David Bell
23%
St. Louis Cardinals 2B Fernando Viña
23%
San Francisco Giants SP Jason Schmidt
23%
St. Louis Cardinals RF J.D. Drew
23%
Oakland Athletics RF Jermaine Dye
23%
New York Yankees LF Juan Rivera
23%
Atlanta Braves 1B Julio Franco
23%
Atlanta Braves SP Kevin Millwood
23%
St. Louis Cardinals SP Matt Morris
23%
Arizona Diamondbacks SP Miguel Batista
23%
New York Yankees 3B Robin Ventura
23%
Anaheim Angels 1B Scott Spiezio
23%
Atlanta Braves 3B Vinny Castilla
23%
St. Louis Cardinals SP Andy Benes
15%
Anaheim Angels DH Brad Fullmer
15%
Minnesota Twins 3B Cristian Guzman
15%
New York Yankees SP David Wells
15%
Anaheim Angels SP Kevin Appier
15%
San Francisco Giants SP Kirk Rueter
15%
Oakland Athletics DH Ray Durham
15%
Minnesota Twins SP Rick Reed
15%
Minnesota Twins SS Corey Koskie
8%
Minnesota Twins 1B Doug Mientkiewicz
8%
Minnesota Twins SP Eric Milton
8%
Arizona Diamondbacks 2B Junior Spivey
8%
Minnesota Twins 2B Luis Rivas
8%
Oakland Athletics 2B Mark Ellis
8%
New York Yankees RF Raul Mondesi
8%
Arizona Diamondbacks C Chad Moeller
0%
Minnesota Twins RF Dustan Mohr
0%
St. Louis Cardinals LF Eli Marrero
0%
Minnesota Twins SP Joe Mays
0%
Atlanta Braves 2B Keith Lockhart
0%
Arizona Diamondbacks RF Quinton McCracken
0%
No matching quizzes found
Score Distribution
Percent of People with Each Score
Percentile by Number Answered
Your Score History
You have not taken this quiz